000 00863nam a2200217Ia 4500
999 _c35904
_d35904
001 1798
003 GE_BSU
005 20190604163908.0
008 181216s2004||||ge |||||||||||||| ||geo||
040 _cGE_BSU
041 _ageo
080 _a371(092) ზ–77
100 _aზოიძე, აკაკი
_92060
245 _aღვაწლმოსილი :
_bპედაგოგი ვლადიმერ მოქერია /
_cაკაკი ზოიძე ; რედ.: დურსუნ ბალაძე.
264 _aთბილისი,
_c2004.
300 _a181 გვ. ;
_b22 სმ.
600 _aმოქერია ვლადიმერ
_92061
653 _aქართველი პედაგოგები
700 _aბალაძე, დურსუნ
_eრედაქტორი
_92062
942 _cBK
_2udc